[Event "London Classic op 4th"]
[Site "London"]
[Date "2012.12.05"]
[Round "5"]
[White "Rallabandi, Praveen Kumar"]
[Black "Wan Nawawi, Wan Mohd Fazli"]
[Result "0-1"]
[WhiteElo "1793"]
[BlackElo "2001"]
[PlyCount "54"]
[EventDate "2012.12.01"]
[EventType "swiss"]
[EventRounds "9"]
[EventCountry "ENG"]
[SourceTitle "CBM 151 Extra"]
[Source "ChessBase"]
[SourceDate "2012.12.18"]
[SourceVersion "1"]
[SourceVersionDate "2012.12.18"]
[SourceQuality "1"]

1. e4 c5 2. d4 cxd4 3. c3 dxc3 4. Nxc3 Nc6 5. Nf3 e6 6. Bc4 a6 7. 0-0 Nge7 8. Bg5 Qa5 9. Qe2 Ng6 10. Nd5 Be7 11. Nxe7 Ncxe7 12. h4 h6 13. Bd2 Qh5 14. Bc3 0-0 15. g3 b5 16. Bd3 Bb7 17. Qe3 Rfc8 18. Qd4 Rxc3 19. bxc3 Qxf3 20. Qxd7 Bc6 21. Qd4 Nf5 22. Be2 Qxe2 23. Qd1 Qxe4 24. f3 Qe3+ 25. Kh2 Ne5 26. Kg2 Qxc3 27. Rc1 Ne3+ 0-1

[Event "London Classic op 4th"]
[Site "London"]
[Date "2012.12.01"]
[Round "1"]
[White "Rendle, Thomas E"]
[Black "Wan Nawawi, Wan Mohd Fazli"]
[Result "1-0"]
[WhiteElo "2381"]
[BlackElo "2001"]
[PlyCount "69"]
[EventDate "2012.12.01"]
[EventType "swiss"]
[EventRounds "9"]
[EventCountry "ENG"]
[SourceTitle "CBM 151 Extra"]
[Source "ChessBase"]
[SourceDate "2012.12.18"]
[SourceVersion "1"]
[SourceVersionDate "2012.12.18"]
[SourceQuality "1"]

1. e4 c5 2. Nf3 d6 3. c3 Nc6 4. d4 cxd4 5. cxd4 Nf6 6. Nc3 e6 7. d5 Ne5 8. Nxe5 dxe5 9. Bb5+ Bd7 10. dxe6 fxe6 11. Qb3 Qe7 12. Bg5 0-0-0 13. 0-0 Kb8 14. Rad1 Bc8 15. Bc4 Rxd1 16. Rxd1 Qb4 17. Bxe6 Qxb3 18. Bxb3 Bc5 19. Bh4 a6 20. Bg3 Re8 21. Bd5 g6 22. Bf7 Re7 23. Nd5 Nxd5 24. Bxd5 Bg4 25. Rd2 Kc7 26. Bg8 h6 27. Kf1 b5 28. f3 Bd7 29. Bb3 Bc6 30. Bd5 Kb6 31. Bxc6 Kxc6 32. Rd8 Bd4 33. b3 Kc5 34. Rd5+ Kb4 35. Rxd4+ 1-0